000 00685nam a2200253Ia 4500
003 OSt
005 20220918163802.0
006 a|||||r|||| 00| 0
007 ta
008 220917b |||||||| |||| 00| 0 eng d
020 _a0299097404
024 _a35,712
037 _cTextual
040 _aARTS
_cARTS
_beng
041 _2eng
_aeng
082 _aO111,3M99w, M4
100 _aNagel James ed
_915368
245 0 _aErnest Hemingway
_b the writer in context
260 _aMadison
_bUniv Of Wisconisn Press
_c1984
300 _a246p.
_ccm.
650 _aENGLISH LITERATURE
942 _hO111,3M99w, M4
_cTEXL
_2CC
999 _c121526
_d121526